Tous les Pokemon de type Feu (2G) - Statistiques

Statistiques générales
  • Ce quiz a été pris 17 fois
  • Le résultat moyen est 8 sur 10
Statistiques - réponses
Indices Réponses % Correct
Feu Héricendre
100%
Feu + Ténèbres Démolosse
93%
Feu Feurisson
93%
Feu + Ténèbres Malosse
93%
Feu Typhlosion
93%
Feu Entei
80%
Feu Limagma
80%
Feu + Roche Volcaropod
80%
Feu + Vol Ho-Oh
67%
Feu Magby
47%
Aucun quiz correspondant
Distribution des résultats
% des personnes avec chaque résultat
Percentile par nombre de réponses
Votre historique - résultats
Vous n’avez pas pris ce quiz